Why we want you to be rich : (Record no. 23558)
[ view plain ]
| 000 -LEADER | |
|---|---|
| fixed length control field | 00809nam a2200289#a 4500 |
| 001 - CONTROL NUMBER | |
| control field | 01998 |
| 003 - CONTROL NUMBER IDENTIFIER | |
| control field | HDC |
| 007 - PHYSICAL DESCRIPTION FIXED FIELD--GENERAL INFORMATION | |
| fixed length control field | ta |
| 008 - FIXED-LENGTH DATA ELEMENTS--GENERAL INFORMATION | |
| fixed length control field | 230623s2006 xx 000 0 eng d |
| 020 ## - INTERNATIONAL STANDARD BOOK NUMBER | |
| International Standard Book Number | 1933914025 (hbk). |
| 040 ## - CATALOGING SOURCE | |
| Original cataloging agency | HDC |
| 050 ## - LIBRARY OF CONGRESS CALL NUMBER | |
| Classification number | HG179 |
| Item number | .T788 2006 |
| 100 ## - MAIN ENTRY--PERSONAL NAME | |
| Personal name | Trump, Donald, |
| Dates associated with a name | 1946-. |
| 245 #0 - TITLE STATEMENT | |
| Title | Why we want you to be rich : |
| Remainder of title | two men, one message / |
| Statement of responsibility, etc. | Donald J. Trump, [Meredith McIver] ; Robert T. Kiyosaki, [Sharon Lechter]. |
| 264 ## - PRODUCTION, PUBLICATION, DISTRIBUTION, MANUFACTURE, AND COPYRIGHT NOTICE | |
| Place of production, publication, distribution, manufacture | [New York] : |
| Name of producer, publisher, distributor, manufacturer | Rich Press, |
| Date of production, publication, distribution, manufacture, or copyright notice | 2006. |
| 300 ## - PHYSICAL DESCRIPTION | |
| Extent | vi,345p. : |
| Other physical details | ill. ; |
| Dimensions | 24cm. |
| 500 ## - GENERAL NOTE | |
| General note | Includes index. |
| 650 ## - SUBJECT ADDED ENTRY--TOPICAL TERM | |
| Topical term or geographic name entry element | Finance, Personal. |
| 650 ## - SUBJECT ADDED ENTRY--TOPICAL TERM | |
| Topical term or geographic name entry element | Investments. |
| 650 ## - SUBJECT ADDED ENTRY--TOPICAL TERM | |
| Topical term or geographic name entry element | Rich people. |
| 650 ## - SUBJECT ADDED ENTRY--TOPICAL TERM | |
| Topical term or geographic name entry element | Wealth. |
| 700 ## - ADDED ENTRY--PERSONAL NAME | |
| Personal name | Kiyosaki, Robert T., |
| Dates associated with a name | 1947-. |
| 942 ## - ADDED ENTRY ELEMENTS (KOHA) | |
| Source of classification or shelving scheme | Library of Congress Classification |
| 942 ## - ADDED ENTRY ELEMENTS (KOHA) | |
| Koha item type | Book |
| 942 ## - ADDED ENTRY ELEMENTS (KOHA) | |
| Call number prefix | HG179 |
| 942 ## - ADDED ENTRY ELEMENTS (KOHA) | |
| Call number suffix | .T788 2006 |
| Withdrawn status | Lost status | Source of classification or shelving scheme | Damaged status | Not for loan | Collection | Home library | Current library | Shelving location | Date acquired | Total checkouts | Full call number | Barcode | Date last seen | Price effective from | Koha item type |
|---|---|---|---|---|---|---|---|---|---|---|---|---|---|---|---|
| Library of Congress Classification | Non-fiction | Halal Development Corporation Library | Halal Development Corporation Library | Open Shelves | 17/11/2020 | HG179 .T788 2006 | HDC0001379 | 24/05/2023 | 24/05/2023 | Book |
